| 000 | 00687nam a22001817a 4500 | ||
|---|---|---|---|
| 999 |
_c15979 _d15979 |
||
| 003 | AR-CdUCM | ||
| 008 | 190430b ||||| |||| 00| 0 spa d | ||
| 040 |
_aMUNICIPALIDAD PROVINCIAL DEL CUSCO _cBIBLIOTECA MUNICIPAL DEL CUSCO |
||
| 082 |
_aC / 323.336 / _bT42 |
||
| 110 |
_aCENCICAP-ANTA _935242 |
||
| 245 | _aTestimonio campesino sobre las areas asociativas en las comunidades campesinas de la micro-region de Anta / | ||
| 260 |
_aCusco : _c1980. |
||
| 300 |
_a113 páginas ; _c33 cm. |
||
| 505 | _aLa tierra y el problema campesino -- Experiencia de trabajo de la comunidad campesina -- La comunidad campesina ... | ||
| 650 |
_aAnta. _935243 |
||
| 942 |
_2ddc _cLIBROS |
||
| 945 | _awfj | ||